Công nghiệp hóa hướng ngoại "Sự thần kỳ" của các NIE châu Á
Sách trình bày cơ sở lý luận và thực tiễn của vấn đề công nghiệp hóa hướng ngoại; quá trình hình thành và thực hiện chiến lược công nghiệp hoá hướng ngoại của các NIE Châu á; một số kinh nghiệm và gợi ý về con đường công nghiệp h...
Đã lưu trong:
| Hovedforfatter: | |
|---|---|
| Format: | Bog |
| Sprog: | Undetermined |
| Udgivet: |
Hà Nội
Chính trị Quốc gia
1997
|
| Fag: | |
| Tags: |
Tilføj Tag
Ingen Tags, Vær først til at tagge denne postø!
|
| Thư viện lưu trữ: | Trung tâm Học liệu Trường Đại học Cần Thơ |
|---|
| LEADER | 01074nam a2200205Ia 4500 | ||
|---|---|---|---|
| 001 | CTU_224048 | ||
| 008 | 210402s9999 xx 000 0 und d | ||
| 020 | |c 12500 | ||
| 082 | |a 338.927 | ||
| 082 | |b Nh105 | ||
| 100 | |a Hoàng, Thị Thanh Nhàn | ||
| 245 | 0 | |a Công nghiệp hóa hướng ngoại "Sự thần kỳ" của các NIE châu Á | |
| 245 | 0 | |c Hoàng Thị Thanh Nhàn | |
| 260 | |a Hà Nội | ||
| 260 | |b Chính trị Quốc gia | ||
| 260 | |c 1997 | ||
| 520 | |a Sách trình bày cơ sở lý luận và thực tiễn của vấn đề công nghiệp hóa hướng ngoại; quá trình hình thành và thực hiện chiến lược công nghiệp hoá hướng ngoại của các NIE Châu á; một số kinh nghiệm và gợi ý về con đường công nghiệp hóa, hiện đại hóa ở nước ta hiện nay | ||
| 650 | |a Công nghiệp hóa,Industrialization | ||
| 910 | |b dqhieu | ||
| 980 | |a Trung tâm Học liệu Trường Đại học Cần Thơ | ||